Rýchle a pomalé vlákna a športy Základy fyziologickej svalovej činnosti. (III.)

Podrobná bibliografia
Hlavný autor: Hamar, Dušan, 1952- (Autor)
Médium: Článok
Jazyk:slovenčina
Fyzický popis:Fot. 8. Graf. 1.
Predmet:

MARC

LEADER 00000nab a2200000 a 4500
001 vtls000418701
003 SK-MaSNL
005 20260303230244.0
008 220422c1991 xo 0 slo
015 |a SNBRB19rr/mm-uuuuu 
035 |a CL0418826 
040 |a SNKBUCL  |b slo  |c SNKBUCL  |e AACR2 
041 0 |a slo 
044 |a xo  |c SK 
080 |a 612.74.796.015.8  |2 1981 
080 |a 796.015.8  |2 1981 
100 1 |a Hamar, Dušan,  |d 1952-  |4 aut  |9 106432 
245 1 0 |a Rýchle a pomalé vlákna a športy  |b Základy fyziologickej svalovej činnosti. (III.)  |c Dušan Hamar 
300 |b Fot. 8. Graf. 1. 
650 0 7 |a svaly  |2 snkbucl  |9 19994 
650 0 7 |a vlákna svalové  |2 snkbucl  |9 1010087 
650 0 7 |a výkon športový  |2 snkbucl  |9 902071 
655 7 |a články z novín a časopisov  |2 snkbucl  |9 267496 
773 0 |t Fit plus  |g Roč. 1, č. 4 (1991), s. 22-23 
850 |a Slovenská národná knižnica v Martine  |a MTA001 
852 |a SNK  |b KIS3GCP 
958 |a RK 
958 |a ME 
992 |a RBX 
999 |c 2260950  |d 2262880